Economic transformations in east and central Europe : legacies from the past and policies for the future

Αποθηκεύτηκε σε:
Λεπτομέρειες βιβλιογραφικής εγγραφής
Άλλοι συγγραφείς: Good, David F. (Επιμελητής έκδοσης)
Μορφή: Βιβλίο
Γλώσσα:English
Δημοσίευση: London : Routledge, 1994
Θέματα:
Ετικέτες: Προσθήκη ετικέτας
Δεν υπάρχουν, Καταχωρήστε ετικέτα πρώτοι!

MARC

LEADER 00000nam a2200000 i 4500
001 1/56840
008 980507s1994 eng d
020 |a 0415112664 
035 |l 10028090 
040 |a GR-MY-UA  |b gre  |e aacr 
041 0 |a eng 
082 0 |a 338.947 
245 1 0 |a Economic transformations in east and central Europe :  |b legacies from the past and policies for the future /  |c edited by David F. Good 
260 |a London :   |b Routledge,   |c 1994 
300 |a xvi, 301 p. 
504 |a Includes index 
651 0 |a Europe, Eastern  |x Economic policy  |y 1989- 
700 1 |a Good, David F.  |4 edt 
852 |a INST  |b CHIOS  |e 19980507  |h 338.947 ECO  |p 005200016570  |q 005200016570  |t BK  |y 0 
901 |a BIBL-1998-2 
909 |a Χ  |b 055123 
922 |a 2ΕΛΗ  |b 199803  |c ΤΔΕ  |d ΠΑΠΑΣΩΤΗΡΙΟΥ